000 00932nam a22003257a 4500
001 BR9209894
003 BR-BrBNA
005 20230928093717.0
007 ta
008 230509b bl.||||| |||| 00| 0 por d
040 _aBR-BrBNA
_bpor
_cBiblioteca Nacional de Agricultura
041 _a(Por)
072 _aE14; F01; E70
_b2121
090 _ 2121 BR9209894
110 1 _aComissao de Planejamento Agricola de Roraima, Boa Vista (Brasil)
_91998
245 1 _aPrograma de estimulo ao desenvolvimento da cultura do guarana em Roraima. Setembro 1983
260 3 _aBoa Vista, RR (Brasil):
_c1983.
300 _a91 p.
650 _aGUARANA
650 _aCOLHEITA
650 _aBENEFICIAMENTO
650 _aMERCADO NACIONAL
650 _aCUSTO
650 _aEXPORTACAO
650 _aPROJETO AGRICOLA
650 _aDESENVOLVIMENTO AGRICOLA
650 _aRORAIMA
909 _a202309
_bLucia
_c55
_dLucia Elande
942 _cBK
999 _c46624
_d46624